| 000 | 01406cam a22002894a 4500 | ||
|---|---|---|---|
| 001 | 13931288 | ||
| 005 | 20060825132151.0 | ||
| 008 | 050415s2006 enka b 001 0 eng | ||
| 020 | _a140512069X (alk. paper) | ||
| 040 |
_aDLC _cDLC _dOCLCQ _dBAKER _dBWKUK _dOCLCQ _dDLC |
||
| 082 | 0 | 0 |
_a658.404 _222 _bDAL |
| 100 | 1 |
_aDallas, Michael. _929390 |
|
| 245 | 1 | 0 |
_aValue and Risk Management : _ba Guide to Best Practice / _cMichael Dallas. |
| 260 |
_aOxford ; _aMalden, MA : _bBlackwell Pub., _c2006. |
||
| 300 |
_axix, 380 p. : _bill. ; _c25 cm. |
||
| 504 | _aIncludes bibliographical references (p. 362-364) and index. | ||
| 650 | 0 |
_aConstruction industry _xRisk management. _929391 |
|
| 650 | 0 |
_aValue analysis (Cost control) _929392 |
|
| 650 | 0 |
_aProject management. _929393 |
|
| 653 |
_bCiv _cMarch2012 |
||
| 942 |
_2ddc _cBB |
||
| 999 |
_c16585 _d16585 |
||